[Event "14th Unive op"]
[Site "Hoogeveen NED"]
[Date "2010.10.27"]
[Round "6.2"]
[White "l`Ami, Erwin"]
[Black "Ikonnikov, Vyacheslav"]
[Result "1/2-1/2"]
[WhiteElo "2624"]
[BlackElo "2571"]
[EventDate "2010.10.22"]
[PlyCount "93"]

1.c4 Nf6 2.d4 e6 3.Nf3 Bb4+ 4.Bd2 Qe7 5.g3 Nc6 6.Nc3 O-O 7.Bg2 d6 8.d5 Ne5
9.Nxe5 dxe5 10.a3 Bd6 11.O-O exd5 12.cxd5 h6 13.Nb5 Bf5 14.Nxd6 cxd6 15.f3
Qc7 16.e4 Qb6+ 17.Rf2 Bd7 18.Qe1 Rfc8 19.Ba5 Qc5 20.Qb4 Qxb4 21.Bxb4 Ne8 
22.Bf1 a5 23.Be1 Kf8 24.b4 axb4 25.Bxb4 Ke7 26.Rb2 Nc7 27.Bd2 b5 28.Rc2 
Na6 29.Rxc8 Rxc8 30.a4 Nc5 31.axb5 Nb3 32.Ra2 Nxd2 33.Rxd2 Rc1 34.Kf2 Rb1 
35.Ra2 Bxb5 36.Ra7+ Ke8 37.Bxb5+ Rxb5 38.g4 Rb8 39.Kg3 Rc8 40.h4 Rb8 41.
Ra3 Rb2 42.Ra8+ Ke7 43.Ra7+ Ke8 44.Ra1 Ke7 45.g5 hxg5 46.hxg5 g6 47.Ra7+ 
1/2-1/2

[Event "14th Unive op"]
[Site "Hoogeveen NED"]
[Date "2010.10.29"]
[Round "8.5"]
[White "l`Ami, Erwin"]
[Black "Stella, Andrea"]
[Result "1-0"]
[WhiteElo "2624"]
[BlackElo "2334"]
[EventDate "2010.10.22"]
[PlyCount "33"]

1.d4 Nf6 2.c4 e6 3.g3 c5 4.d5 exd5 5.cxd5 b5 6.e4 Nxe4 7.Qe2 Qe7 8.Bg2 f5 
9.Nh3 b4 10.O-O Ba6 11.Qc2 Bxf1 12.Kxf1 g6 13.Nd2 Bg7 14.Nxe4 fxe4 15.d6 
Qxd6 16.Qxe4+ Kf8 17.Bf4 1-0